000 00874nam a22002777a 4500
001 4003
003 FISKH
005 20260206102122.0
008 240530b cb ||||| |||| 00| 0 eng d
020 _a9780545299510
040 _aFISKH
_beng
_cFISKH
_dFISKH
050 _aPZ7.V5985
082 _a813.6
100 _aVernon Ursula
_d1977-
245 _aCurse of the were-wiener /
_bDragonbreath
_cby Ursula Vernon
260 _aNew York :
_bScholastic,
_c2013
300 _a200 pages :
_bcolor illustrations ;
_c20 cm
490 _v#3
505 _aM
520 _aWhen Danny Dragonbreath's best friend Wendell the iguana is bitten by one of the hot dogs from his school lunch, he begins to turn into a were-wiener.
521 8 _a650
_bLexile
521 8 _aM
_bRaz-Plus
700 _aUrsula Vernon
942 _2ddc
_cBK
_n0
999 _c4003
_d4003